| 000 | 01193nam a2200361 i 4500 | ||
|---|---|---|---|
| 001 | 020156175 | ||
| 003 | EG-ScBUE | ||
| 005 | 20230516104535.0 | ||
| 008 | 210407s2021 enka f 000 0 eng d | ||
| 020 | _a9780750994170 | ||
| 035 | _a(UkCU)991006798579903606 | ||
| 035 | _a(Uk)020156175 | ||
| 035 | _a()9780750994170 | ||
| 035 | _a(StEdALDL)1/4064168 | ||
| 040 |
_aStDuBDS _beng _erda _cStDuBDS _dUkCU _dUk _dEG-ScBUE |
||
| 082 | 0 | 4 |
_a338.47687 _222 _bSOT |
| 100 | 1 |
_aSothcott, Jonathan, _eauthor. |
|
| 245 | 1 | 4 |
_aThe Jermyn Street shirt / _cJonathan Sothcott. |
| 264 | 1 |
_aCheltenham : _bThe History Press, _c2021. |
|
| 300 |
_a223 pages : _billustrations (black and white, and colour) ; _c26 cm |
||
| 336 |
_atext _2rdacontent _btxt |
||
| 336 |
_astill image _2rdacontent _btxt |
||
| 337 |
_aunmediated _2rdamedia _bn |
||
| 338 |
_avolume _2rdacarrier _bnc |
||
| 650 | 7 |
_aMen's shirt industry _zEngland _zLondon. _2BUEsh |
|
| 650 | 7 |
_aShirts, Men's. _2BUEsh |
|
| 651 | 7 |
_aJermyn Street (London, England) _2BUEsh |
|
| 653 |
_bART _cMay2023 |
||
| 655 | _vReading book | ||
| 776 | 0 | 8 |
_iebook version : _z9780750997775 |
| 942 |
_2ddc _cBB |
||
| 999 |
_c30405 _d30376 |
||